000 003830000a22001570004500
003 LK-CoMWRAF
008 230817t ||||| |||| 00| 0 eng d
040 _aLK-CoMWRAF
_dLK-CoMWRAF
_eLK-CoMWRAF
041 _aeng
082 _a480
_bGOV
245 _aGovi guvan vidhuli puhunu ath potha
_b
260 _aColombo
_bUNESCO
_c1989
300 _ap.85
650 _asociology
942 _cBK
999 _c2987
_d2987